[Event "GER-chT U12"]
[Site "Arendsee"]
[Date "2009.12.28"]
[Round "3.3"]
[White "Maetzkow, Maximilian Paul"]
[Black "Springenberg, Christoph"]
[Result "1/2-1/2"]
[WhiteElo "1366"]
[BlackElo "1147"]
[PlyCount "119"]
[EventDate "2009.12.27"]
[EventType "team-swiss"]
[EventRounds "7"]
[EventCountry "GER"]
[SourceTitle "EXT 2022"]
[Source "ChessBase"]
[SourceDate "2021.10.06"]
[SourceVersion "1"]
[SourceVersionDate "2021.10.06"]
[SourceQuality "1"]
[WhiteTeam "Eberswalde U12"]
[BlackTeam "Raesfeld Erle U12"]
[WhiteTeamCountry "GER"]
[BlackTeamCountry "GER"]

1. d4 d5 2. Nf3 Nc6 3. e3 Bg4 4. Be2 e6 5. Nbd2 Nf6 6. 0-0 Bd6 7. h3 Bh5 8. c3 0-0 9. Qc2 Bg6 10. Bd3 Bxd3 11. Qxd3 e5 12. e4 exd4 13. cxd4 dxe4 14. Nxe4 Nb4 15. Qb1 Re8 16. Nxf6+ Qxf6 17. Bg5 Qg6 18. Qxg6 fxg6 19. a3 Nc6 20. Rae1 Rxe1 21. Rxe1 h6 22. Bd2 Rd8 23. Bc3 b5 24. Ne5 Bxe5 25. dxe5 Re8 26. f4 Nd8 27. Rd1 Ne6 28. g3 Rd8 29. Rxd8+ Nxd8 30. Kf2 Kf7 31. Ke3 Ke6 32. Kd4 c6 33. Bb4 Nb7 34. g4 a5 35. Bd2 a4 36. Bb4 h5 37. Ke4 c5 38. Bc3 Nd8 39. Ba5 Nc6 40. Bb6 c4 41. Bc5 Na5 42. f5+ gxf5+ 43. gxf5+ Kd7 44. e6+ Ke8 45. e7 Nc6 46. f6 gxf6 47. Kf5 Nxe7+ 48. Kxf6 Nd5+ 49. Kg5 Kf7 50. Kxh5 Nf4+ 51. Kg4 Nd3 52. Bd4 Kg6 53. h4 b4 54. axb4 Nxb4 55. h5+ Kh6 56. Be3+ Kh7 57. Kg5 Nd3 58. Bd4 Ne1 59. Kf5 Nc2 60. Bc3 1/2-1/2